000 00341nam a22001457a 4500
003 OSt
005 20160727222448.0
008 160704b xxu||||| |||| 00| 0 eng d
040 _ctest
100 _91984
_aBlatter, D
245 _aCap and Candle
260 _aPhiladelphia
_b The WestMinister
300 _aCap and Candle
942 _2ddc
_cBK
999 _c1689
_d1689